MARC

LEADER 00000nam0a2200000 4500
001 80721
005 20231101213129.0
010 |a 5253001867 
020 |a RU  |b 91-40153 
035 |a (RuTPU)RU\TPU\book\86768 
090 |a 80721 
100 |a 20050909d1991 m y0rusy5003 ca 
101 1 |a rus  |c ger 
102 |a RU 
105 |a a z 000zb 
200 1 |a Гойя, или Тяжкий путь познания  |f Л. Фейхтвангер  |g пер. Н. Касаткиной, И. Татариновой 
210 |a Москва  |c Правда  |d 1991 
215 |a 609,[15] с.  |c ил.  |d 21 см 
600 1 |a Гойя  |b Ф. Х.  |c испанский живописец, гравёр  |f 1746-1828  |g Франсиско Хосе де  |2 stltpush  |3 (RuTPU)RU\TPU\pers\10493  |9 2234 
606 1 |a Художники  |2 stltpush  |3 (RuTPU)RU\TPU\subj\17691  |9 43265 
606 1 |a Немецкая литература  |2 stltpush  |3 (RuTPU)RU\TPU\subj\45368  |9 64612 
610 1 |a Испания 
610 1 |a 18 век 
610 1 |a 19 век 
610 1 |a история 
675 |a 83  |z rus 
700 1 |a Фейхтвангер  |b Л.  |c немецкий писатель  |f 1884-1958  |g Лион  |2 stltpush  |3 (RuTPU)RU\TPU\pers\8542  |9 1657 
702 1 |a Касаткина  |b Н.  |4 730 
702 1 |a Татаринова  |b И.  |4 730 
801 0 |a RU  |b RuMRKP  |c 19950417  |g psbo 
801 1 |a RU  |b 63413507  |c 20050909  |g PSBO 
801 2 |a RU  |b 63413507  |c 20130610  |g PSBO 
942 |c BK